| 000 | 01471nam a2200265Ia 4500 | ||
|---|---|---|---|
| 003 | Ost | ||
| 005 | 20260507074903.0 | ||
| 008 | 260507s9999||||xx |||||||||||||| ||und|| | ||
| 020 | _a977502449 | ||
| 040 | _cfsecg | ||
| 041 | _aara | ||
| 082 | _a350 | ||
| 100 |
_aمخيمر، عبد العزيز _eمؤلف |
||
| 245 | 0 |
_aالإتجاهات الحديثة في إدارة المستشفيات : _bالمفاهيم والتطبيقات / _c عبد العزيز مخيمر |
|
| 260 |
_aالقاهرة: _bمنشورات المنظمة العربية للتنمية الإدارية, _c2003 |
||
| 300 |
_a257 صفحة؛ _bإيضاحات ؛ _c25 سم |
||
| 490 |
_aسلسلة بحوث ودراسات _v377 |
||
| 504 | _aببليوغرافيا: ص.253 | ||
| 520 | _aمفاهيم أساسية في إدارة المستشفيات، الجوانب السلوكية في إدارة المستشفيات، قياس وتتقييم الأداء في المستشفيات، مهارات تحليل المشكلات واتخاذ القرارات الإدارية في المستشفيات، بعض الجوانب العلاقات التنظيمية في المستشفيات، إدارة الجودة الشاملة في المستشفيات، تشغيل المستشفيات | ||
| 653 | _aإدارة المستشفيات | ||
| 653 | _aالإدارة | ||
| 653 | _aالمستشفيات | ||
| 700 |
_aالطعامنة، محمد _eمؤلف ثانوي |
||
| 942 | _cكتاب | ||
| 999 |
_c41673 _d41673 |
||